|
|
|
|
| LEADER |
01312nam a2200361 a 4500 |
| 001 |
EBC3019409 |
| 003 |
MiAaPQ |
| 005 |
20200520144314.0 |
| 006 |
m o d | |
| 007 |
cr cn||||||||| |
| 008 |
080603s2009 nyua sb 001 0 eng d |
| 010 |
|
|
|z 2008024455
|
| 020 |
|
|
|z 9781604569469 (hbk.)
|
| 020 |
|
|
|z 1604569468 (hbk.)
|
| 020 |
|
|
|a 9781613241417 (electronic bk.)
|
| 035 |
|
|
|a (MiAaPQ)EBC3019409
|
| 035 |
|
|
|a (Au-PeEL)EBL3019409
|
| 035 |
|
|
|a (CaPaEBR)ebr10670974
|
| 035 |
|
|
|a (OCoLC)705945734
|
| 040 |
|
|
|a MiAaPQ
|c MiAaPQ
|d MiAaPQ
|
| 050 |
|
4 |
|a HB99.3
|b .W433 2009
|
| 082 |
0 |
4 |
|a 339.4/6
|2 22
|
| 245 |
0 |
0 |
|a Welfare economics
|h [electronic resource] /
|c Paul E. Weston and Robert N. Townsend, editors.
|
| 260 |
|
|
|a New York :
|b Nova Science Publishers,
|c c2009.
|
| 300 |
|
|
|a xi, 268 p. :
|b ill. (some col.)
|
| 504 |
|
|
|a Includes bibliographical references and index.
|
| 533 |
|
|
|a Electronic reproduction. Ann Arbor, MI : ProQuest, 2015. Available via World Wide Web. Access may be limited to ProQuest affiliated libraries.
|
| 650 |
|
0 |
|a Welfare economics.
|
| 655 |
|
4 |
|a Electronic books.
|
| 700 |
1 |
|
|a Weston, Paul E.
|
| 700 |
1 |
|
|a Townsend, Robert N.
|
| 710 |
2 |
|
|a ProQuest (Firm)
|
| 856 |
4 |
0 |
|u https://ebookcentral.proquest.com/lib/matrademy/detail.action?docID=3019409
|z Click to View
|